000 00561nam a2200181Ia 4500
003 GCL
008 140319s9999 xx 000 0 ara d
040 _aGCL /
_cGCL
082 0 4 _a370.19
_bا ت
100 1 _aابراهيم عصمت مطاوع
245 1 0 _aالتربية البيئية (دراسة نظرية تطبيقية) /
_cابراهيم عصمت مطاوع
300 _a135 ص
490 _aالمكتبة التربوية
_v0
650 0 4 _aالبيئة
650 0 4 _aالتربية
650 0 4 _aالبيئة والانسان
942 _2ddc
_cBK
999 _c41240
_d41240